The Sesame street library volume 12 : (Record no. 7393)
[ view plain ]
| 000 -LEADER | |
|---|---|
| fixed length control field | 01403nam a22002777a 4500 |
| 001 - CONTROL NUMBER | |
| control field | 7393 |
| 003 - CONTROL NUMBER IDENTIFIER | |
| control field | FISKH |
| 005 - DATE AND TIME OF LATEST TRANSACTION | |
| control field | 20250711144528.0 |
| 008 - FIXED-LENGTH DATA ELEMENTS--GENERAL INFORMATION | |
| fixed length control field | 250711b cb ||||| |||| 00| 0 eng d |
| 040 ## - CATALOGING SOURCE | |
| Original cataloging agency | FISKH |
| Language of cataloging | eng |
| Transcribing agency | FISKH |
| Modifying agency | FISKH |
| 050 ## - LIBRARY OF CONGRESS CALL NUMBER | |
| Classification number | PZ5.S475 |
| 082 ## - DEWEY DECIMAL CLASSIFICATION NUMBER | |
| Classification number | 899.22108002 |
| 100 ## - MAIN ENTRY--PERSONAL NAME | |
| Personal name | Frith, Michael |
| 245 ## - TITLE STATEMENT | |
| Title | The Sesame street library volume 12 : |
| Remainder of title | Featuring the letters W, X, Y, and Z and the number 12 |
| Statement of responsibility, etc. | With Jim Henson's Muppets |
| 250 ## - EDITION STATEMENT | |
| Edition statement | This edition published in 1978 |
| 260 ## - PUBLICATION, DISTRIBUTION, ETC. | |
| Place of publication, distribution, etc. | New York : |
| Name of publisher, distributor, etc. | Children's Television Workshop, |
| Date of publication, distribution, etc. | 1971 |
| 300 ## - PHYSICAL DESCRIPTION | |
| Extent | 42 unnumbered pages : |
| Other physical details | color illustrations ; |
| Dimensions | 28 cm |
| 505 ## - FORMATTED CONTENTS NOTE | |
| Formatted contents note | E<br/> |
| 520 ## - SUMMARY, ETC. | |
| Summary, etc. | The Sesame Street Library Volume 12 is the final volume in a 12-book educational series featuring the beloved Sesame Street characters. This volume focuses on the letters W, X, Y, and Z, as well as the number 12.<br/><br/>Through short stories, poems, jokes, and fun facts, children are introduced to vocabulary, phonics, and simple reading concepts. Big Bird, Bert, Ernie, Grover, Cookie Monster, and other familiar Muppets guide readers through silly adventures, playful dialogues, and alphabet-themed fun. |
| 521 8# - TARGET AUDIENCE NOTE | |
| Target audience note | 200<br/><br/> |
| Source | Lexile estimate<br/> |
| 521 8# - TARGET AUDIENCE NOTE | |
| Target audience note | E<br/> |
| Source | Raz-Plus<br/> |
| 650 ## - SUBJECT ADDED ENTRY--TOPICAL TERM | |
| Topical term or geographic name entry element | Alphabet |
| Form subdivision | Children's Picture Book |
| General subdivision | Numbers and Counting |
| 700 ## - ADDED ENTRY--PERSONAL NAME | |
| Personal name | Crawford, Mel |
| Relator term | illustrator |
| 942 ## - ADDED ENTRY ELEMENTS (KOHA) | |
| Source of classification or shelving scheme | Dewey Decimal Classification |
| Koha item type | Books |
| Suppress in OPAC | No |
| Withdrawn status | Lost status | Source of classification or shelving scheme | Damaged status | Not for loan | Collection | Home library | Current library | Shelving location | Date acquired | Total Checkouts | Full call number | Barcode | Date last seen | Copy number | Price effective from | Koha item type |
|---|---|---|---|---|---|---|---|---|---|---|---|---|---|---|---|---|
| Dewey Decimal Classification | Juvenile Fiction | Footprints International School Library Network Toul Kork Campus | Footprints International School Library Network Toul Kork Campus | TK Primary Library Room(4th Floor), Bookcase 7, Shelves 57-60, Dark Green Books | 07/11/2025 | FRI 899.22108002 PZ5.S475 | 2025-1832 | 07/11/2025 | 1 | 07/11/2025 | Books |
